Quizzes
Events
Quiz Creation
Community
Videos
Private Events
Remove Ads
Sign In
Join for FREE
Feedback
Dark Mode
Quiz Categories
Sports
Geography
Music
Movies
Television
Just For Fun
Miscellaneous
History
Literature
Language
Science
Gaming
Entertainment
Religion
Holiday
For Kids
Quiz Lab
Recent
Popular Today
Quiz Kudos Today
Editor Picks
Curator Picks
Quizzes by...
Day
Popularity
Type
Ratings
Length
Year
Community
Subscriptions
Recent Discussions
Orange Saloon
Badges
Playlists
Quests
Create
Leaderboards
Showdown
Live 5
Trivia Bingo
Activity
Puzzle Library
Sporcle Events
Private Events
Virtual Trivia
Globe League
Become a Host
Pub Owners
SporcleCon
Opinionation
Our Games
Videos
Blog
Mobile Apps
Partnerships
Remove Ads and Go Orange
Feedback
Television
TV Characters
TV Show
Sitcom
Network
Friends
Reality Shows
Cast
South Park
Star Trek
The Simpsons
Doctor Who
Television
TV Characters
TV Show
Sitcom
Network
Friends
Reality Shows
Cast
South Park
Star Trek
The Simpsons
Doctor Who
Random Quiz
Search Sporcle
×
Quiz Lab
Quiz Lab
Television
Clickable
Select answers by clicking on text or image buttons
Select answers by clicking on text or image buttons
Clickable
Best Score? Go Orange.
United States of Television (Clickable) Stats
Can you guess the state where each television show takes place?
By
sunnyskates8
8m
50 Questions
370 Plays
370 Plays
370 Plays
Comments
Comments
Give Quiz Kudos
Give Quiz Kudos
-
- Ratings
hide this ad
Forced Order
Answers have to be entered in order
Answers have to be entered in order
Replay
Link that replays current quiz
Next Quiz
Link to next quiz in quiz playlist
You Got
0%
They Got
Avg Score
40%
Avg Friend Score
Upgrade to see
Score Distribution
Jump to the score distribution portion of the page
Score
0/50
Timer
08:00
0
Plays Today
% Correct
Tennessee
82.2%
New York
79.7%
Massachusetts
79.2%
Washington
74.9%
Florida
73.2%
Alaska
70.5%
New Jersey
69.5%
Hawaii
68.6%
Pennsylvania
65.1%
Wisconsin
64.9%
Rhode Island
64.1%
New Mexico
62.2%
Michigan
59.5%
California
58.1%
Indiana
56.2%
Utah
56.2%
Maryland
55.7%
Minnesota
50%
North Carolina
48.6%
Illinois
47.8%
Kansas
46.5%
Alabama
46.2%
Connecticut
44.3%
Vermont
42.4%
Georgia
40.8%
% Correct
Virginia
37.8%
Mississippi
37.6%
Ohio
36.2%
Maine
34.6%
Texas
29.2%
Colorado
28.4%
Iowa
26.5%
South Dakota
25.9%
Kentucky
24.6%
Arizona
24.1%
Louisiana
23.2%
Arkansas
23%
Nevada
21.9%
New Hampshire
21.4%
South Carolina
19.7%
Oregon
19.2%
Oklahoma
17.3%
Missouri
15.9%
Delaware
15.7%
Montana
11.9%
Wyoming
10.8%
West Virginia
10%
Nebraska
6.8%
Idaho
5.7%
North Dakota
4.9%
Quiz Playlist
Details
Report
Send in Message
Add To Playlist
Clickable:
Select answers by clicking on text or image buttons
Forced Order:
Answers have to be entered in order
Last Updated: Feb 16, 2017
Quiz Scoreboard
CHALLENGE
Sign Up to Join the Scoreboard
Show All
Scores
Hide
Comments
May contain spoilers
Recently Published
An Introduction to Baseball
by treessimontrees
Sports
5m
Movies - When Are They Set?
by FPL_Elf
Movies
5m
Popular People in 1961
by mucciniale
History
6m
More to Explore
Quiz From the Vault
Featured Blog Post
Where Did the Easter Bunny Come From?
hide this ad
You Might Also Like...
Tags
Clickable Quiz
Show Quiz
State Quiz
set
United
Today's Top Quizzes in Television
Browse Television
hide this ad
Today's Top Quizzes in Clickable
Browse Clickable
Top Contributed Quizzes in Television
1
One Piece Logic Puzzle
2
Survivor Logic Puzzle: Heroes vs. Villains
3
Survivor Seasons
4
Survivor Season by Logo
5
5-to-1: The Simpsons Families
6
Survivor Trivia
7
One Thing in Common: Television
8
Who Wants to Be a Millionaire?
9
Survivor Logic Puzzle: Winners at War
10
Ultimate Survivor Logic Puzzle
Explore More
Trending Topics
Crossword
NBA
Harry Potter
Marvel
Kpop
Disney
Anime
Song
WWE
Puzzle
The Office
NFL
Soccer
Country
Pokémon
hide this ad
More By:
sunnyskates8
Quiz
Plays
Rating
Category
Featured
Created
Types of Disasters
127,628
4.70
Science
Apr 19, 2014
TV Show by Flashback Photo
78,410
4.46
Television
Mar 21, 2014
'A' Television Characters
65,960
4.18
Television
Nov 5, 2013
'B' Television Characters
63,964
4.18
Television
Nov 6, 2013
'C' Television Characters
45,997
4.41
Television
Nov 9, 2013
Go to Creator's Profile
Score Distribution
Quiz Creator Spotlight
sunnyskates8
Follow
Send a Message
Quizzes Created
-
Created Quiz Play Count
-
More By This Creator
Popular Quizzes Today
1
Find the Countries of Europe - No Outlines Minefield
2
Find the US States - No Outlines Minefield
3
The Countries of the World
4
Popular People in 1961
5
US States
6
Find the US States
7
1-10 Letter E Words III
8
Risky Map Clicking: Biggest States A-Z
More Television Quizzes
Cryptogram: Stranger Things
Published
Trending Quizzes
Risky Map Clicking: Least Populous States A-Z
1-10 Letter F Words
1-10 Letter G Words
One Thing in Common: United Kingdom
Risky Map Clicking: Next State Alphabetically
Recently Updated
Leaping Animals
pecheneg
Reality TV Shows (A-Z)
bhenderson79
Rickey Henderson's Hall of Fame Teammates
pecheneg
Champions League XIs: Arsenal
pecheneg
Quick Pick: Celebrities in WWE's Hall of Fame
aduchscher
A-Z Keypad Blitz II
pecheneg
Multiple Oscar Actors
pecheneg
Mystery Phrase Blitz: Oscar 'Best Actors'
pecheneg
F. Scott Fitzgerald Novels
LTH
Pick 3 Villains
ddd62291
Trending Topics
Kpop
Harry Potter
Anime
NBA
Disney
Marvel
Crossword
Soccer
Puzzle
Country
The Office
WWE
Song
Pokémon
NFL
Your Account Isn't Verified!
In order to create a playlist on Sporcle, you need to verify the email address you used during registration. Go to your
Sporcle Settings
to finish the process.
Report this User
Report this user for behavior that violates our
Community Guidelines
.
Details:
Send Report
Go to the Sporcle.com Mobile Site →
Comments